[Event "Masdenverge op 4th"]
[Site "Masdenverge"]
[Date "2015.06.27"]
[Round "3"]
[White "Espuny Sanchis, Anselm"]
[Black "Fernandez Soriano, Ruben"]
[Result "0-1"]
[WhiteElo "1958"]
[BlackElo "2131"]
[PlyCount "98"]
[EventDate "2015.06.26"]
[EventType "swiss"]
[EventRounds "7"]
[EventCountry "ESP"]
[SourceTitle "EXT 2019"]
[Source "ChessBase"]
[SourceDate "2018.10.10"]
[SourceVersion "1"]
[SourceVersionDate "2018.10.10"]
[SourceQuality "1"]

1. b3 e5 2. Bb2 d6 3. e3 f5 4. Ne2 Nc6 5. d4 Be7 6. dxe5 dxe5 7. Qxd8+ Bxd8 8. Nbc3 Nf6 9. Ng3 a6 10. Bc4 Nb4 11. 0-0-0 b5 12. Nxb5 axb5 13. Bxb5+ c6 14. Ba4 Bc7 15. a3 Rxa4 16. bxa4 Na6 17. f3 Nc5 18. a5 0-0 19. Bc3 Re8 20. Bb4 Na6 21. e4 f4 22. Nf5 Bxf5 23. exf5 Nd5 24. Bd2 Nc5 25. Bb4 Na6 26. Bd2 Rb8 27. c4 Nf6 28. Kc2 e4 29. fxe4 Nxe4 30. Rb1 Rd8 31. Rhd1 Nac5 32. Bb4 Ra8 33. Bxc5 Nxc5 34. Re1 Kf7 35. Re2 Rxa5 36. Kb2 Kf6 37. Rd1 Be5+ 38. Ka2 Na4 39. Kb3 Ra8 40. Rde1 Nc5+ 41. Kc2 Bd4 42. Rd1 Be3 43. Rd6+ Kxf5 44. Rxc6 Ne6 45. Kb2 Nd4 46. Rc5+ Ke4 47. Re1 Rb8+ 48. Ka2 Nc2 49. Re2 Kd3 0-1

[Event "Cornella Pinol Memorial 1st"]
[Site "Cornella de Llobregat"]
[Date "2013.10.28"]
[Round "5"]
[White "Espuny Sanchis, Anselm"]
[Black "Montilla Carrillo, Esteban"]
[Result "0-1"]
[WhiteElo "1945"]
[BlackElo "2270"]
[PlyCount "54"]
[EventDate "2013.09.30"]
[EventType "swiss"]
[EventRounds "9"]
[EventCountry "ESP"]
[SourceTitle "EXT 2015"]
[Source "ChessBase"]
[SourceDate "2014.11.20"]
[SourceVersion "1"]
[SourceVersionDate "2014.11.20"]
[SourceQuality "1"]

1. b3 e5 2. Bb2 Nc6 3. e3 g6 4. f4 Bg7 5. Nf3 f6 6. Bb5 Nge7 7. d3 0-0 8. e4 exf4 9. Nc3 a6 10. Bc4+ Kh8 11. a4 Ne5 12. Nxe5 fxe5 13. Qf3 d6 14. Ne2 c5 15. g3 fxg3 16. Qxg3 Bd7 17. 0-0-0 b5 18. axb5 axb5 19. Bd5 Nxd5 20. exd5 Bh6+ 21. Kb1 Qa5 22. Nc1 c4 23. dxc4 bxc4 24. Rdf1 Bf5 25. Bc3 Qa7 26. b4 Rfb8 27. Qh4 Rxb4+ 0-1

[Event "Barcelona Sant Marti op 1st"]
[Site "Barcelona"]
[Date "2012.03.15"]
[Round "8"]
[White "Espuny Sanchis, Anselm"]
[Black "Godesard Forgas, Carles"]
[Result "1-0"]
[WhiteElo "1866"]
[BlackElo "2059"]
[PlyCount "37"]
[EventDate "2012.01.26"]
[EventType "swiss"]
[EventRounds "9"]
[EventCountry "ESP"]
[SourceTitle "EXT 2013"]
[Source "ChessBase"]
[SourceDate "2012.11.22"]
[SourceVersion "1"]
[SourceVersionDate "2012.11.22"]
[SourceQuality "1"]

1. e4 d5 2. exd5 Qxd5 3. Nc3 Qd6 4. d4 a6 5. Nf3 Bg4 6. h3 Bh5 7. g4 Bg6 8. Ne5 c5 9. Bf4 Qxd4 10. Qxd4 cxd4 11. Nxg6 dxc3 12. Nxh8 cxb2 13. Rb1 Nc6 14. Rxb2 e5 15. Be3 Nf6 16. Bc4 Bb4+ 17. Kf1 b5 18. Bb3 a5 19. a4 1-0